01189nam a2200229 a 450000100100000000500170001000800410002704000250006808200150009310000280010824502170013626000400035330000270039350000740042050000720049459000260056670000270059271000970061995201130071695201130082999900170094200004525020250116073944.0150217s2004 dr a r 000 0 spa d aDO-SdBNPbspacBNPHU axxxxbxxxx1 aMolina, Cristina93712010aHacia una educación inicial integral :balternativas en búsqueda de mayor efectividad en la aplicación de la propuesta curricular del nivel inicial /cCristina Molina ; co-autoras Edicta Frías...[et al.]. aSanto Domingo :bCentenario,cs. f. a96 p. :bil. ;c27 cm. aIncluye referencias bibliográficas y notas al pie de las páginas. aTítulo de la cubierta : Transformacion curricular ; nivel inicial aInventariado, 2018/BT12aFrías, Edicta97327712aRepública Dominicana.bSecretaría de Estado de Educación, Bellas Artes y Cultos923965 0010718PDaPDbPDcCTd2015-02-17iLF1l0oxxxx xxxxp45250-10r2020-06-25w2020-06-25yLFPDZNo se presta 0010718PDaPDbPDcCTd2018-05-08iLF1l0oxxxx xxxxp45250-20r2020-06-25w2020-06-25yLFPDZNo se presta c44739d44739